000 00697nam a2200229 a 4500
001 71849
003 BD-RjUL
005 20211209082153.0
008 170508s1965 nyua b 001 0 eng d
035 _a(BD-RjUL)72065
040 _aDLC
_cDLC
_dBD-RjUL
_beng
041 _aeng
082 _a536.7
_223
_bBES 1965
100 1 _aBent, Henry A.
_9212532
245 1 4 _aThe second law :
_ban introduction to classical and statistical thermodynamics /
_cHenry A. Bent.
260 _aNew York :
_bOxford University Press,
_c1965.
300 _ax, 429 p. :
_bill. ;
_c24 cm.
504 _aIncludes bibliography and index.
650 0 _aThermodynamics.
_9212533
942 _2ddc
_cBK
999 _c71849
_d71849